30 besten Wm Torschützen - Statistiken

Allgemein
  • Dieses Quiz wurde 361 mal gespielt
  • Das Durchschnittsergebnis liegt bei 13 aus 30
Antwortstatistiken
Spiele Tore Hint Antwort % Korrekt
22 8 Portugal Christiano Ronaldo
100%
19 15 Brasilien Ronaldo
100%
13 14 Deutschland Gerd Müller
97%
26 Argentinien Lionel Messi
97%
24 16 Deutschland Miroslav Klose
97%
19 Deutschland Thomas Müller
97%
14 12 Frankreich Kylian Mbappé
83%
14 Brasilien Pelé
76%
13 Brasilien Neymar
57%
21 Argentinien Diego Maradona
56%
11 England Harry Kane
52%
12 Spanien David Villa
42%
17 11 Deutschland Jürgen Klinsmann
41%
6 Portugal Eusébio
40%
15 Deutschland Rudi Völler
38%
19 Deutschland Karl-Heinz Rummenigge
34%
21 Deutschland Uwe Seeler
29%
6 13 Frankreich Just Fontaine
26%
16 Italien Roberto Baggio
26%
10 Deutschland Helmut Rahn
25%
12 England Gary Lineker
23%
12 10 Argentinien Gabriel Batistuta
18%
9 Italien Christian Vieri
16%
14 Italien Paolo Rossi
15%
20 Polen Grzegorz Lato
10%
16 Brasilien Jairzinho
9%
5 Ungarn Sándor Kocsis
9%
13 Peru Teófilo Cubillas
6%
10 Brasilien Vavá
5%
6 9 Brasilien Ademir
4%
Keine übereinstimmenden Quizze gefunden
Verteilung der Resultate
Anzahl Personen mit jedem Resultat
Perzentil nach korrekt beantworteten Fragen
Ihre Resultats-Entwicklung
Sie haben dieses Quiz noch nicht gespielt